000 00303nam a22001337a 4500
008 171031b xxu||||| |||| 00| 0 eng d
020 _a0472101811
041 _aeng
080 _a33
100 _a58
101 _aBUS
245 _aBUSINESS CYCLES& FINANCIAL CRISES
_cMULLINEUX,A.W
942 _2udc
_cBK
999 _c36764
_d36764